Why religion?: about one of the strongest and most productive motifs in human life

Salvato in:
Dettagli Bibliografici
Autore principale: Cohen, Yehuda (Autore)
Natura: Libro
Lingua:inglese
Pubblicazione: Jerusalén Priests 2003
Soggetti:
Tags: Aggiungi Tag
Nessun Tag, puoi essere il primo ad aggiungerne!!

MARC

LEADER 00000nam a2200000 a 4500
001 UCK0828
003 CL-VaPUC
008 041022e20030000IS |||||||||||||||||eng|d
020 |a 9659061501 
082 0 4 |a 230.01  |b COH  |2 21 
100 0 |a Cohen, Yehuda  |e author  |9 488699 
245 1 0 |a Why religion?: about one of the strongest and most productive motifs in human life 
300 |a 568 p 
942 |c BK 
945 |d 20041022 00:00:00  |a cmena 
260 |a Jerusalén  |b Priests  |c 2003 
650 0 |a Filosofía cristiana   |9 265980 
650 0 |a Antropología cultural y social   |9 265143 
650 0 |a Naturaleza humana   |9 308593 
583 |a last modification  |c 20041022 00:00:00  |k Rodrigo Vera 
999 |c 311062  |d 311060 
952 |0 0  |1 0  |4 0  |6 230_010000000000000_COH_2003  |7 0  |8 A  |9 380270  |a BIBTEO  |b BIBTEO  |d 2019-11-21  |i 404004K  |o 230.01 COH 2003  |p 404004K  |r 2025-01-17  |w 2019-11-21  |y BK  |k ICR